Statistics for Most-Visited Countries by Americans

Click here to take the quiz!

General Stats

  • This quiz has been taken 61,545 times
    (42,345 since last reset)
  • The average score is 15 of 20

Answer Stats

#Country% Correct
14.3 mCanada
99%
35.1 mMexico
99%
2.65 mFrance
98%
3.76 mUnited Kingdom
98%
2.19 mGermany
95%
1.65 mSpain
95%
1.96 mChina
94%
2.38 mItaly
94%
1.15 mJapan
94%
1.15 mIreland
79%
1.11 mIndia
78%
0.997 mBahamas
70%
1.88 mNetherlands
70%
1.57 mJamaica
63%
0.690 mSwitzerland
59%
2.72 mDominican Republic
53%
0.843 mColombia
52%
1.07 mCosta Rica
49%
0.843 mPhilippines
46%
0.652 mIsrael
39%

Score Distribution

Percentile by Number Answered

Percent of People with Each Score

Your Score History

You have not taken this quiz since the last reset